00401nam a2200121Ia 4500008004100000041001200041082001700053100001600070245012400086260003000210440000900240650003000249240126s9999 xx 000 0 und d aEnglish aPRMBA20-2905 aAnusha U S. 4aThe relationship between personality traits and factors affecting job satisfaction among IT employeesbPriyanka sharma. bPES UniversityaBangalore aNULL aHuman resource management